000 00438nam a2200145Ia 4500
008 100204s9999 xx 000 0 und d
082 _b14857
100 _aरावजी आशू / कानडे दिनू
245 _aजिवलग
260 _b"डॉल्फिन लायब्ररी, गोवा"
_c1988
300 _a210
630 _aजिवलग
730 _aजिवलग
942 _cBOOK
999 _c459288
_d459285